000 01129naa a22003257a 4500
001 BR6007402
003 BR-BrBNA
005 20240918172928.0
007 ta
008 230509b bl.||||| |||| 00| 0 por d
040 _aBR-BrBNA
_bpor
_cBiblioteca Nacional de Agricultura
041 _a(Pt)
072 _aH20
_b0120
_b4120
090 _aH20 BR6007402
100 1 _aIssa, E.
100 1 _aMatallo, M.R.V.
100 1 _aCruz, B.P.B.
100 1 _aMiranda, L.T. de
100 1 _aArruda, H.V.
111 1 _a10. Reuniao Brasileira de Milho e Sorgo
_cSete Lagoas, MG (Brazil)
_d22 Jul 1974
245 1 _aResultado preliminar de resistencia varietal do milho a podridao branca
260 3 _aSete Lagoas, MG (Brasil):
_c1974.
500 _aAnais da 10. Reuniao Brasileira de Milho e Sorgo Sete Lagoas, MG (Brasil): 1974. p. 97-99 (BR6007402-AM)H20
650 _aDOENCA DE PLANTA
650 _aMILHO
650 _aPODRIDAO BRANCA
773 0 _tAnais da 10. Reuniao Brasileira de Milho e Sorgo
_wH20 BR6007402
_gSete Lagoas, MG (Brasil), 1974. p. 97-99
909 _a202404
_bLucia
_c55
_dLucia Elande
942 _cAM
_2AGRIS
999 _c302110
_d302110